|
|
|
|
| LEADER |
02747nam a2200649 a 4500 |
| 001 |
nkc20112226359 |
| 003 |
CZ PrNK |
| 005 |
20111123081527.0 |
| 007 |
ta |
| 008 |
111003s2010 xr ac e c 000 0 cze |
| 015 |
|
|
|a cnb002226359
|
| 020 |
|
|
|a 978-80-7454-007-3
|q (brož.)
|
| 035 |
|
|
|a (OCoLC)761169983
|
| 040 |
|
|
|a ABA001
|b cze
|
| 041 |
1 |
|
|a cze
|a eng
|h cze
|
| 043 |
|
|
|a e-xr---
|b e-xr-zl
|2 czenas
|
| 045 |
|
|
|a y1y1
|
| 072 |
|
7 |
|a 7.01/.09
|x Umění
|2 Konspekt
|9 21
|
| 080 |
|
|
|a 378
|2 MRF
|
| 080 |
|
|
|a 378.22
|2 MRF
|
| 080 |
|
|
|a 378.2
|2 MRF
|
| 080 |
|
|
|a 7.05:62
|2 MRF
|
| 080 |
|
|
|a (437.323)
|2 MRF
|
| 080 |
|
|
|a (083.82)
|2 MRF
|
| 245 |
0 |
0 |
|a Přestupná/konečná 3 :
|b bakalářské a magisterské práce studentů Ateliéru průmyslový design 2010 = BA Theses and MA Dissertations by students of the Studio of Product Design 2010 /
|c [texty Pavel Škarka, Martin Surman]
|
| 246 |
3 |
0 |
|a Bakalářské a magisterské práce studentů ateliéru Průmyslový design 2010
|
| 246 |
3 |
0 |
|a BA Theses and MA Dissertations by students of the Studio of Product Design 2010
|
| 246 |
3 |
0 |
|a Průmyslový design 2010
|
| 260 |
|
|
|a Zlín :
|b Univerzita Tomáše Bati ve Zlíně, Fakulta multimediálních komunikací,
|c c2010
|
| 300 |
|
|
|a [50] s. :
|b il. (převážně barev.), portréty ;
|c 17 x 21 cm
|
| 500 |
|
|
|a Název z obálky
|
| 500 |
|
|
|a 300 výt.
|
| 546 |
|
|
|a Souběžný anglický text
|
| 610 |
2 |
7 |
|a Univerzita Tomáše Bati ve Zlíně.
|b Ateliér průmyslový design
|7 kn20100219007
|2 czenas
|
| 648 |
|
7 |
|a 2001-2010
|7 ch460588
|2 czenas
|
| 648 |
|
7 |
|a 2010
|7 ch967319
|2 czenas
|
| 648 |
|
7 |
|a 21. století
|7 ch460559
|2 czenas
|
| 650 |
0 |
7 |
|a vysoké školy
|7 ph116649
|z Česko
|2 czenas
|
| 650 |
0 |
7 |
|a bakalářské práce
|7 ph114112
|z Česko
|y 2001-2010
|2 czenas
|
| 650 |
0 |
7 |
|a diplomové práce
|7 ph114327
|z Česko
|y 2001-2010
|2 czenas
|
| 650 |
0 |
7 |
|a průmyslový design
|7 ph124756
|z Česko
|y 21. století
|2 czenas
|
| 650 |
0 |
9 |
|a universities and colleges
|z Czechia
|2 eczenas
|
| 650 |
0 |
9 |
|a bachelor's theses
|z Czechia
|y 2001-2010
|2 eczenas
|
| 650 |
0 |
9 |
|a master's theses
|z Czechia
|y 2001-2010
|2 eczenas
|
| 650 |
0 |
9 |
|a industrial design
|z Czechia
|y 21st century
|2 eczenas
|
| 651 |
|
7 |
|a Zlín (Česko)
|7 ge128609
|2 czenas
|
| 651 |
|
9 |
|a Zlín (Czechia)
|2 eczenas
|
| 655 |
|
7 |
|a katalogy
|7 fd132535
|2 czenas
|
| 655 |
|
9 |
|a catalogs
|2 eczenas
|
| 700 |
1 |
|
|a Škarka, Pavel,
|d 1942-2014
|7 xx0000908
|4 wfw
|
| 700 |
1 |
|
|a Surman, Martin,
|d 1976-
|7 jx20100226009
|4 aut
|
| 710 |
2 |
|
|a Univerzita Tomáše Bati ve Zlíně.
|b Ateliér průmyslový design
|7 kn20100219007
|
| 910 |
2 |
|
|a BOA001
|b 2-1273.154
|
| 990 |
|
|
|a BK
|
| 995 |
|
|
|a 01
|
| 991 |
|
|
|b 201110
|c NOV
|e n
|
| 996 |
6 |
|
|b 2610490112
|c 2-1273.154
|l MZK
|r Sklad / do 1 hodiny
|n 1
|p p.v.
|w 001205463
|u 000010
|a 1
|e BOA001
|j MZK50
|s P
|